El neo-imperialismo portugués / (Record no. 83917)

MARC details
000 -LEADER
campo de control de longitud fija 00720nam a2200229 i 4500
001 - NÚMERO DE CONTROL
campo de control 83917
003 - IDENTIFICADOR DE NÚMERO DE CONTROL
campo de control ES-MaACL
005 - FECHA Y HORA DE LA ÚLTIMA TRANSACCIÓN
campo de control 20250804054249.0
007 - CAMPO FIJO DE DESCRIPCIÓN FÍSICA--INFORMACIÓN GENERAL
campo de control de longitud fija t|
008 - DATOS DE LONGITUD FIJA--INFORMACIÓN GENERAL
campo de control de longitud fija 041118s1976 sp ||||1| spa d
100 1# - ENTRADA PRINCIPAL--NOMBRE DE PERSONA
Nombre de persona Jaffe, Hosea.
9 (RLIN) 65914
245 13 - MENCIÓN DEL TÍTULO
Título El neo-imperialismo portugués /
Mención de responsabilidad, etc. Hosea Jaffe ; [traductores, Félix García y J.M. Oriol].
260 ## - PUBLICACIÓN, DISTRIBUCIÓN, ETC.
Lugar de publicación, distribución, etc. Bilbao :
Nombre del editor, distribuidor, etc. Zero,
Fecha de publicación, distribución, etc. 1976.
300 ## - DESCRIPCIÓN FÍSICA
Extensión 74 p. ;
Dimensiones 17 cm.
490 1# - MENCIÓN DE SERIE
Mención de serie Lee y discute. Serie V ;
Designación de volumen o secuencia 61
651 #4 - PUNTO DE ACCESO ADICIONAL DE MATERIA--NOMBRE GEOGRÁFICO
Nombre geográfico Portugal-
Subdivisión general Colonias-
Subdivisión geográfica África.
9 (RLIN) 9250
700 1# - ENTRADA AGREGADA--NOMBRE PERSONAL
Nombre de persona García Moriyón, Félix.
9 (RLIN) 55004
700 1# - ENTRADA AGREGADA--NOMBRE PERSONAL
Nombre de persona Oriol, José Miguel
9 (RLIN) 87261
830 1# - PUNTO DE ACCESO ADICIONAL DE SERIE-TÍTULO UNIFORME
Título uniforme Lee y discute. Serie V ;
Designación de volumen o secuencia 61
9 (RLIN) 183813
852 ## - LOCALIZACIÓN
Ubicación ES-MaACL
Número de control de estantería E-9833
Holdings
Estatus retirado Estado de pérdida Estado de daño No para préstamo Biblioteca de origen Biblioteca actual Ubicación en estantería Fecha de adquisición Fuente de adquisición Total de préstamos Signatura topográfica completa Código de barras Visto por última vez Precio de reemplazo Tipo de ítem Koha
        Biblioteca del Ateneo de Madrid Biblioteca del Ateneo de Madrid Depósito 2 17/01/2008     E-9833 1087701 23/02/2023 23/02/2023 Libro impreso